[Event "FRA-chT3 0405"]
[Site "France"]
[Date "2005.04.03"]
[Round "9"]
[White "Picart, Laurent"]
[Black "Legrand, Gilbert"]
[Result "1-0"]
[WhiteElo "2034"]
[BlackElo "1880"]
[PlyCount "49"]
[EventDate "2004.10.10"]
[EventType "team-tourn"]
[EventRounds "9"]
[EventCountry "FRA"]
[SourceTitle "EXT 2007"]
[Source "ChessBase"]
[SourceDate "2006.11.23"]
[SourceVersion "1"]
[SourceVersionDate "2006.11.23"]
[SourceQuality "1"]

1. d4 d5 2. c4 c6 3. Nf3 Nf6 4. Nc3 e6 5. Bg5 Be7 6. e3 0-0 7. Qc2 Nbd7 8. Rd1 b6 9. Bd3 g6 10. Bh6 Re8 11. h4 Bf8 12. Bxf8 Nxf8 13. Ne5 Qc7 14. cxd5 cxd5 15. Ne4 Qxc2 16. Nxf6+ Kh8 17. Bxc2 Re7 18. g4 Ba6 19. g5 Rc8 20. Kd2 Rcc7 21. Rc1 Kg7 22. h5 Bb5 23. h6+ Kh8 24. Bd3 Bxd3 25. Kxd3 1-0